[Event "Noviki-A"]
[Site "Budapest"]
[Date "1987.??.??"]
[Round "?"]
[White "Kindermann, Stefan"]
[Black "Gurevich, Mikhail"]
[Result "0-1"]
[WhiteElo "2490"]
[BlackElo "2515"]

1.e4 e6 2.d4 d5 3.Nc3 Nf6 4.Bg5 Bb4 5.exd5 Qxd5 6.Bxf6 gxf6 7.Qd2 Qa5 8.Bd3 c5
9.Nf3 Nc6 10.dxc5 Bd7 11.O-O Qxc5 12.Ne4 Bxd2 13.Nxc5 Bb4 14.Nxd7 Kxd7 15.Rfd1 Ke7
16.Be4 Rac8 17.Nd4 Bd6 18.Nxc6+ bxc6 19.Rd3 Be5 20.Rad1 Rc7 21.b4 f5 22.Bf3 Rb8
23.a3 a5 24.Rb3 axb4 25.axb4 Rb6 26.c4 c5 27.b5 Ra7 28.Bc6 Ra4 29.Rh3 Rxc4
30.Rxh7 Bd4 31.Rh3 Rc2 32.Rf3 Rb8 33.h4 Rb2 34.Rc1 Rg8 35.Kf1 Rg4 36.g3 f4
37.gxf4 Rxh4 38.Kg2 f5 39.Rc4 Rb1 40.Ra4 Rg4+ 41.Rg3 Rxf4 42.Ra2 c4 43.Re2 c3  0-1

[Event "Noviki-A"]
[Site "Budapest"]
[Date "1987.??.??"]
[Round "?"]
[White "Gurevich, Mikhail"]
[Black "Tischbierek, Raj"]
[Result "1/2-1/2"]
[WhiteElo "2515"]
[BlackElo "2480"]

1.d4 Nf6 2.c4 e6 3.Nc3 Bb4 4.e3 c5 5.Bd3 Nc6 6.Ne2 cxd4 7.exd4 d5 8.cxd5 Nxd5
9.O-O Nf6 10.Bc2 Bd6 11.a3 O-O 12.Qd3 h6 13.Rd1 Re8 14.Ne4 Nxe4 15.Qxe4 f5
16.Qf3 Qf6 17.Bf4 Bxf4 18.Qxf4 Bd7 19.Qc7 Qe7 20.Ba4 Rac8 21.Qxb7 Rb8 22.Qa6 Rxb2
23.Nf4 Qd6 24.Nd3 Rb6 25.Qc4 Na5 26.Qc2 Rc8 27.Nc5 Bxa4 28.Qxa4 Nc6 29.Nxe6 Qxe6
30.d5 Qf7 31.dxc6 Rbxc6 32.h3 Kh7 33.Rab1 R8c7 34.Rb4 Rc1 35.Rd4 R7c4 36.Qa5 Rc5
37.Qa4 R5c4 38.Qb5 Rc5 39.Qb8 Qc7 40.Qf8 Qe5 41.Rd8 Rxd1+ 42.Rxd1 Rc2 43.Qb4 Qc5
44.Qxc5  1/2-1/2

[Event "Noviki-A"]
[Site "Budapest"]
[Date "1987.??.??"]
[Round "?"]
[White "Tatai, Stefano"]
[Black "Gurevich, Mikhail"]
[Result "1/2-1/2"]
[WhiteElo "2415"]
[BlackElo "2515"]

1.d4 Nf6 2.c4 e6 3.Nf3 b6 4.g3 Ba6 5.b3 Bb4+ 6.Bd2 Be7 7.Bg2 c6 8.Bg5 d5
9.Nbd2 Nbd7 10.O-O Bb7 11.Qc2 c5 12.cxd5 Nxd5 13.Bxe7 Qxe7 14.Qb2 O-O 15.Rac1 Rfd8
16.Rfd1 a5 17.Nc4 a4 18.Nfe5 Nxe5 19.Nxe5 cxd4 20.Rxd4 axb3 21.axb3 Qf6 22.Ng4 Qe7
23.Ne5 Qf6 24.Ng4 Qe7 25.Ne5  1/2-1/2

[Event "Noviki-A"]
[Site "Budapest"]
[Date "1987.??.??"]
[Round "?"]
[White "Bischoff, Klaus"]
[Black "Gurevich, Mikhail"]
[Result "1-0"]
[WhiteElo "2460"]
[BlackElo "2515"]

1.c4 f5 2.g3 g6 3.Bg2 Bg7 4.Nc3 Nc6 5.d3 d6 6.e3 Nf6 7.Nge2 e5 8.b3 O-O 9.Bb2 Kh8
10.Qd2 Be6 11.Nd5 Bg8 12.O-O Qd7 13.Rae1 Ng4 14.f3 Nh6 15.f4 Rae8 16.h3 Nd8
17.Ndc3 c6 18.d4 exd4 19.Nxd4 Ne6 20.Nf3 Nc5 21.Rd1 Qe7 22.Rfe1 Ne4 23.Nxe4 fxe4
24.Nd4 d5 25.cxd5 Bxd5 26.g4 g5 27.Ne2 Ng8 28.Rf1 h6 29.Bd4 Bxd4 30.Qxd4+ Qg7
31.Qxg7+ Kxg7 32.Ng3 Nf6 33.Rf2 Kg6 34.Bf1 Nd7 35.Nh5 a5 36.Bc4 Nb6 37.Rd4 Rf7
38.Rfd2 Rff8 39.f5+ Kf7 40.Ng3 Kf6 41.Bxd5 Nxd5 42.Kf2 Re7 43.Rxe4 Rfe8 44.Kf3 Kf7
45.Rxe7+ Rxe7 46.Ne4 Re5 47.Nd6+ Kf8 48.Nc4 Re8 49.Re2 Nc3 50.Rc2 Nd5 51.e4 Nf4
52.h4 Nd3 53.Rd2 Nc5 54.Nd6 Re5 55.hxg5 hxg5 56.Rh2 Ke7 57.Nxb7 Nxb7 58.Rh7+ Kd6
59.Rxb7 Rc5 60.Ke3 Rc2 61.Rg7 Rxa2 62.Rg6+ Kd7 63.Kd4 Ra3 64.Rg7+ Ke8 65.Rb7 a4
66.bxa4  1-0

[Event "HUN-ch op"]
[Site "Eger"]
[Date "1987.??.??"]
[Round "?"]
[White "Gurevich, Mikhail"]
[Black "Yrjola, Jouni"]
[Result "1-0"]
[WhiteElo "2540"]
[BlackElo "2415"]

1.d4 Nf6 2.c4 g6 3.Nc3 d5 4.Nf3 Bg7 5.Qb3 dxc4 6.Qxc4 O-O 7.e4 a6 8.Qb3 c5
9.dxc5 Nbd7 10.Qa3 Qc7 11.Be3 Ng4 12.Bg5 Bxc3+ 13.Qxc3 f6 14.Bc4+ Kg7 15.h3 Nge5
16.Nxe5 Qxe5 17.Be3 Qxc3+ 18.bxc3 Ne5 19.Bd5 e6 20.Bb3 Bd7 21.O-O-O g5 22.Rd6 Rfe8
23.Bd4 Re7 24.Rd1 Bc6 25.Bxe6 Bxe4 26.f3 Bg6 27.Kb2 Bf7 28.Bb3 Rc8 29.Ka3 Rcc7
30.Rf1 Bxb3 31.axb3 Nd7 32.f4 gxf4 33.Rxf4 Rf7 34.Rf5 Kg6 35.g4 h6 36.Kb4 Kg7
37.Kc4  1-0

[Event "HUN-ch op"]
[Site "Eger"]
[Date "1987.??.??"]
[Round "?"]
[White "Gurevich, Mikhail"]
[Black "Enders, Peter"]
[Result "1-0"]
[WhiteElo "2540"]
[BlackElo "2395"]

1.d4 Nf6 2.c4 e6 3.Nc3 Bb4 4.e3 b6 5.Ne2 Ne4 6.Bd2 Nxd2 7.Qxd2 d5 8.cxd5 exd5
9.a3 Be7 10.g3 c6 11.Bg2 O-O 12.O-O Nd7 13.Qc2 Nf6 14.Nf4 g6 15.Qa4 Qd6 16.Rac1 Bf5
17.Na2 Rfc8 18.Nb4 Bd7 19.Qa6 Ne8 20.Rc2 g5 21.Ne2 Qg6 22.Rfc1 Bxb4 23.axb4 Bf5
24.Rd2 Nd6 25.b3 Ne4 26.Ra2 Qd6 27.Qa3 Rc7 28.Nc3 Re8 29.Qb2 Nf6 30.Qd2 Re6
31.b5 Qd7 32.e4 Nxe4 33.Nxe4 Bxe4 34.Bh3 f5 35.Qxg5+ Rg6 36.Qf4 Qd6 37.Qxd6 Rxd6
38.Rc3 f4 39.Ra1 fxg3 40.hxg3 c5 41.f3 Bg6 42.Rac1 Re7 43.dxc5 bxc5 44.Kf2 d4
45.Rxc5 Bf7 46.Rc8+ Kg7 47.R8c7 Kf8 48.Rxe7 Kxe7 49.Rc7+ Ke8 50.Ke2 Bxb3
51.Bf5 Ba4 52.Bd3 Rd7 53.Rc8+ Ke7 54.Kd2 Rd5 55.Rc7+ Kd6 56.Rxa7 Bxb5 57.Rxh7 Bd7
58.Rh4 Kc5 59.g4 Kd6 60.f4 Ra5 61.Rh6+ Ke7 62.f5 Bb5 63.Re6+ Kf7 64.Bxb5 Rxb5
65.Rd6 Ra5 66.Rxd4 Kf6 67.Rd6+ Ke5 68.Re6+ Kf4 69.Rg6 Ke5 70.f6 Ra2+ 71.Kd3 Ra3+
72.Kc4 Ke6 73.g5 Ra7 74.Kd4 Rh7 75.Ke4 Rh4+ 76.Kf3 Rh3+ 77.Kf4 Rh4+ 78.Kg3 Rh7
79.Kg4 Ra7 80.Rg8 Rb7 81.Kh5 Kf5 82.Kh6 Ra7 83.Rb8  1-0

[Event "HUN-ch op"]
[Site "Eger"]
[Date "1987.??.??"]
[Round "?"]
[White "Gurevich, Mikhail"]
[Black "Dejkalo, Stefan"]
[Result "1-0"]
[WhiteElo "2540"]
[BlackElo "2395"]

1.d4 f5 2.c4 Nf6 3.Nf3 e6 4.Nc3 Bb4 5.Bg5 h6 6.Bxf6 Qxf6 7.e3 O-O 8.Rc1 Nc6
9.Be2 Ne7 10.O-O Bxc3 11.Rxc3 d6 12.Qa4 g5 13.c5 Nd5 14.Rcc1 Qe7 15.Nd2 Bd7
16.Bb5 Bxb5 17.Qxb5 Rab8 18.cxd6 cxd6 19.e4 fxe4 20.Nxe4 Rf4 21.Rce1 Rc8
22.Qb3 b6 23.Qh3 Kh7 24.Nc3 Nc7 25.d5 Re8 26.dxe6 Rf6 27.Qd3+ Kg7 28.Ne4 Rxe6
29.Ng3 Qd7 30.Nf5+ Kg8 31.Rc1 Rf6 32.Ne3 Qf7 33.Rc6 Rd8 34.Rfc1 Rd7 35.h3 Ne8
36.Rc8 Kg7 37.Qd4 Kg6 38.Qe4+  1-0

[Event "HUN-ch op"]
[Site "Eger"]
[Date "1987.??.??"]
[Round "?"]
[White "Gochev, Mladen"]
[Black "Gurevich, Mikhail"]
[Result "0-1"]
[WhiteElo "2245"]
[BlackElo "2540"]

1.e4 d6 2.d4 Nf6 3.Nc3 g6 4.h3 a6 5.a4 Bg7 6.Nf3 O-O 7.Be3 b6 8.Bc4 e6 9.e5 dxe5
10.Nxe5 Bb7 11.O-O Nc6 12.Nxc6 Bxc6 13.Qe2 Qc8 14.Rad1 Qb7 15.f3 Rfe8 16.Qf2 b5
17.axb5 axb5 18.Bb3 Nd5 19.Ne4 Nxe3 20.Qxe3 Bd5 21.Nc5 Qc6 22.c3 Bxb3 23.Nxb3 b4
24.cxb4 Rab8 25.Rc1 Qd6 26.Rfd1 Rxb4 27.Rd3 Rxb3  0-1

[Event "Leningrad"]
[Site "Leningrad"]
[Date "1987.??.??"]
[Round "?"]
[White "Chandler, Murray G"]
[Black "Gurevich, Mikhail"]
[Result "1-0"]
[WhiteElo "2595"]
[BlackElo "2540"]

1.e4 e6 2.d4 d5 3.Nc3 Nf6 4.e5 Nfd7 5.f4 c5 6.Nf3 Nc6 7.Be3 Qb6 8.Na4 Qa5+
9.c3 cxd4 10.b4 Nxb4 11.cxb4 Bxb4+ 12.Bd2 Bxd2+ 13.Nxd2 b6 14.Bd3 Ba6 15.Nb2 Nc5
16.Bxa6 Qxa6 17.Qe2 Qa3 18.Qb5+ Ke7 19.O-O Qe3+ 20.Rf2 Rhc8 21.Rd1 g6 22.Nf1 Qa3
23.Rxd4 Qxa2 24.Ng3 Qb3 25.Qe2 Nd7 26.Rd1 Rc3 27.Nd3 Rac8 28.Rff1 a5 29.f5 gxf5
30.Nf4 R8c5 31.Qh5 Nxe5 32.Qg5+ Kd7 33.Nxf5 Nc6 34.Nxe6 Kxe6 35.Rde1+ Kd7
36.Re7+ Kc8 37.Qg8+  1-0

[Event "Leningrad"]
[Site "Leningrad"]
[Date "1987.??.??"]
[Round "?"]
[White "Gurevich, Mikhail"]
[Black "Georgiev, Kiril"]
[Result "1/2-1/2"]
[WhiteElo "2540"]
[BlackElo "2590"]

1.d4 Nf6 2.c4 e6 3.Nc3 Bb4 4.e3 c5 5.Bd3 Nc6 6.Ne2 cxd4 7.exd4 d5 8.cxd5 Qxd5
9.O-O Qh5 10.Ne4 Be7 11.Be3 O-O 12.Nxf6+ Bxf6 13.Rc1 Rd8 14.Rc5 e5 15.Qb1 Be7
16.Nf4 Qh4 17.g3 Qh6 18.Nd5 Bg5 19.Bxg5 Qxg5 20.dxe5 Qxe5 21.Bxh7+ Kf8 22.Re1 Qd4
23.Qc1 Rxd5 24.Rxc6 bxc6 25.Qxc6 Bb7 26.Qxb7 Re8 27.Rxe8+ Kxe8 28.Bc2 g6
29.Bb3 Rf5 30.Qc8+ Ke7 31.Qc2 Kf8 32.Bc4 Re5 33.b3 Re1+ 34.Kg2 Rd1 35.Qe2 Rd2
36.Qf3 f5 37.a4 Qe4 38.h4 Ke7 39.Ba6 Kf6 40.Bc4 a5 41.Ba6 g5 42.hxg5+ Kxg5
43.Qxe4 fxe4 44.Kf1 Rb2 45.Bc4 Kg4 46.Be2+ Kf5 47.Bc4 Ke5 48.Kg1 Kd4 49.Kf1 e3
50.fxe3+ Kxe3 51.g4 Kf3 52.Ke1 Kxg4 53.Kd1 Kf4 54.Kc1 Rh2 55.Bb5 Ke3 56.Bc4 Kd4
57.Kd1 Kc3 58.Ke1 Kc2 59.Bd5 Rh3 60.Ke2 Rh5 61.Bc4 Re5+ 62.Kf2 Re8 63.Kf3 Kc3
64.Kf2 Kd4 65.Kf3 Re3+ 66.Kf2 Re7 67.Kf3 Re8 68.Kf2 Kc3 69.Kf3 Kd2 70.Kf4 Re3
71.Bd5 Kd3 72.Bc4+ Kd4 73.Bf7 Rh3 74.Bc4 Rc3 75.Kf5 Rf3+ 76.Ke6 Rf4 77.Bb5 Kc5
78.Ke5 Rf3 79.Bc4 Re3+ 80.Kf4 Kd4 81.Bf7 Rc3 82.Bc4 Rh3 83.Kg4 Re3 84.Kf4 Rc3
85.Kf5 Rh3 86.Kg4 Rh2 87.Kg3 Rd2 88.Kf3 Rc2 89.Bf7 Rb2 90.Bc4 Ra2 91.Be6 Rh2
92.Bc4 Kc3 93.Ke3 Rd2 94.Kf3 Kd4 95.Bf7 Ra2 96.Be6 Rc2 97.Bc4 Rxc4 98.bxc4 Kxc4  1/2-1/2

[Event "Leningrad"]
[Site "Leningrad"]
[Date "1987.??.??"]
[Round "?"]
[White "Romanishin, Oleg M"]
[Black "Gurevich, Mikhail"]
[Result "1/2-1/2"]
[WhiteElo "2570"]
[BlackElo "2540"]

1.d4 e6 2.g3 d5 3.Bg2 g6 4.Nf3 Bg7 5.O-O Ne7 6.Nc3 b6 7.e4 Bb7 8.Re1 c6 9.Bf4 O-O
10.Qd2 Nd7 11.Bh6 Kh8 12.h4 Bxh6 13.Qxh6 Ng8 14.Qd2 Qf6 15.e5 Qg7 16.Ne2 c5
17.c3 Rac8 18.Nf4 h6 19.Bf1 cxd4 20.cxd4 Rc7 21.Bd3 Ne7 22.a4 Rfc8 23.a5 Qf8
24.a6 Bc6 25.Rec1 Nb8 26.b4 b5 27.Ne2 Kg7 28.Nc3 Be8 29.Kg2 Rc6 30.Qb2 Rxa6
31.Nxb5 Rxc1 32.Rxc1 Bxb5 33.Bxb5 Rb6 34.Rc5 a6 35.Ba4 Nbc6 36.b5 axb5 37.Rxb5 Rxb5  1/2-1/2

[Event "Leningrad"]
[Site "Leningrad"]
[Date "1987.??.??"]
[Round "?"]
[White "Torre, Eugenio"]
[Black "Gurevich, Mikhail"]
[Result "1/2-1/2"]
[WhiteElo "2540"]
[BlackElo "2540"]

1.Nf3 Nf6 2.d4 d5 3.c4 e6 4.Nc3 Be7 5.Bg5 h6 6.Bh4 O-O 7.e3 b6 8.Bd3 Bb7
9.O-O Nbd7 10.Qe2 c5 11.Rac1 Ne4 12.Bg3 Nxg3 13.hxg3 dxc4 14.Bxc4 Bxf3 15.gxf3 cxd4
16.exd4 Nf6 17.Rfd1 Rc8 18.Ba6 Rc6 19.Nb5 Qd7 20.a3 Nd5 21.Rc4 Bg5 22.Nc3  1/2-1/2

[Event "Leningrad"]
[Site "Leningrad"]
[Date "1987.??.??"]
[Round "?"]
[White "Vaganian, Rafael A"]
[Black "Gurevich, Mikhail"]
[Result "1/2-1/2"]
[WhiteElo "2590"]
[BlackElo "2540"]

1.d4 d5 2.c4 e6 3.Nc3 Be7 4.Nf3 Nf6 5.Bg5 O-O 6.e3 h6 7.Bh4 b6 8.Rc1 Bb7
9.Be2 Nbd7 10.O-O dxc4 11.Bxc4 c5 12.Qe2 a6 13.a4 cxd4 14.Nxd4 Nc5 15.Rfd1 Qe8
16.Bg3 Nfe4 17.Nxe4 Nxe4 18.Be5 Bf6 19.Bxf6 Nxf6 20.Qc2 Qe7 21.Qb3 Nd5 22.Be2 Rfc8
23.Bf3  1/2-1/2

[Event "URS-FL"]
[Site "Lvov"]
[Date "1987.??.??"]
[Round "?"]
[White "Gurevich, Mikhail"]
[Black "Gavrikov, Viktor"]
[Result "1/2-1/2"]
[WhiteElo "2515"]
[BlackElo "2525"]

1.d4 d6 2.e4 Nf6 3.Nc3 g6 4.Be3 Bg7 5.Qd2 O-O 6.O-O-O Nc6 7.f3 e5 8.Nge2 exd4
9.Nxd4 d5 10.exd5 Nxd5 11.Bg5 Qd7 12.Ndb5 a6 13.Nxd5 axb5 14.Ne7+ Nxe7 15.Qxd7 Bxd7
16.Rxd7 Nc6 17.Kb1 Ra4 18.Rxc7 Rfa8 19.a3 b4 20.Bc4 bxa3 21.Bxf7+ Kh8 22.c3 R4a5
23.Bd2 axb2 24.Kxb2 Rd8 25.Rd1 Rb5+ 26.Kc2 Be5 27.Bg5 Rxd1 28.Kxd1 h6 29.Rxc6 bxc6
30.Bxh6 Bxh2 31.Be3 Kg7 32.Be8 Rb2 33.Bd4+ Kf8 34.Bxg6 Rxg2 35.Be4 Bg1 36.Be5 c5
37.f4 Ra2 38.f5 Bh2 39.Bf6 Rf2 40.Bg5 Bf4 41.Ke1 Bg3 42.Kd1  1/2-1/2

[Event "URS-FL"]
[Site "Lvov"]
[Date "1987.??.??"]
[Round "?"]
[White "Gurevich, Mikhail"]
[Black "Malisauskas, Vidmantas"]
[Result "1-0"]
[WhiteElo "2515"]
[BlackElo "2325"]

1.d4 d5 2.c4 e6 3.Nf3 c6 4.Nc3 dxc4 5.e3 b5 6.a4 Bb4 7.Bd2 Qe7 8.axb5 Bxc3
9.Bxc3 cxb5 10.d5 Nf6 11.d6 Qb7 12.b3 O-O 13.Bxf6 gxf6 14.Qd4 e5 15.Qh4 Kg7
16.bxc4 bxc4 17.Bxc4 Qb4+ 18.Nd2 Qxd6 19.O-O f5 20.Rfd1 Nd7 21.Ne4 Qg6 22.Rd6 f6
23.Bd5 Rb8 24.Ng3 Kh8 25.h3 Rb6 26.Rxb6 Nxb6 27.Bb3 Qg7 28.Bc2 Rg8 29.Bb3 Rf8
30.Qb4 Rd8 31.Nh5 Qg6 32.Rxa7 Nd7 33.Ng3 f4 34.Nf1 Nf8 35.Kh2 fxe3 36.Nxe3 Ne6
37.Bc2 Qg5 38.Rxh7+  1-0

[Event "URS-FL"]
[Site "Lvov"]
[Date "1987.??.??"]
[Round "?"]
[White "Rozentalis, Eduardas"]
[Black "Gurevich, Mikhail"]
[Result "1/2-1/2"]
[WhiteElo "2505"]
[BlackElo "2515"]

1.e4 e5 2.Nf3 Nc6 3.Bb5 a6 4.Bxc6 dxc6 5.O-O f6 6.d4 exd4 7.Nxd4 c5 8.Nb3 Qxd1
9.Rxd1 Bg4 10.f3 Be6 11.Nc3 Bd6 12.Be3 b6 13.a4 O-O-O 14.a5 Kb7 15.axb6 cxb6
16.e5 Be7 17.Rxd8 Bxd8 18.Ne4 Bxb3 19.Nd6+ Kc6 20.cxb3 Ne7 21.Rxa6 Bc7 22.exf6 gxf6
23.Ne4 Nd5 24.Bd2 Rd8 25.g4 Be5 26.Ra7 Bxb2 27.Rxh7 b5 28.h4 b4 29.Ra7 Bd4+
30.Kg2 Nc3 31.Ra6+ Kb5 32.Bxc3 Kxa6 33.Bxd4 cxd4 34.Kf2 Rc8 35.h5 Rc2+ 36.Ke1 Rb2
37.Nd2 d3 38.h6 Ra2 39.f4 Ra1+ 40.Kf2 Rd1 41.h7 Rh1  1/2-1/2

[Event "Moscow-A"]
[Site "Moscow"]
[Date "1987.??.??"]
[Round "?"]
[White "Gurevich, Mikhail"]
[Black "Razuvaev, Yuri S"]
[Result "1-0"]
[WhiteElo "2540"]
[BlackElo "2510"]

1.d4 Nf6 2.c4 e6 3.Nc3 Bb4 4.e3 O-O 5.Bd3 c5 6.Ne2 d5 7.cxd5 cxd4 8.exd4 Nxd5
9.O-O Nc6 10.Bc2 Re8 11.Qd3 g6 12.Rd1 Bf8 13.Qf3 Nxc3 14.bxc3 Bg7 15.Ng3 f5
16.Ne2 Bd7 17.Qg3 Qf6 18.Rb1 b6 19.h4 h6 20.Nf4 Kh7 21.c4 Rac8 22.Ba4 Red8
23.Bb2 Na5 24.Bxd7 Rxd7 25.Re1 Re7 26.c5 Nc4 27.cxb6 axb6 28.Ba1 Ra8 29.Qd3 Rc8
30.h5 g5 31.Nd5  1-0

[Event "Moscow-A"]
[Site "Moscow"]
[Date "1987.??.??"]
[Round "?"]
[White "Gurevich, Mikhail"]
[Black "Hodgson, Julian M"]
[Result "1/2-1/2"]
[WhiteElo "2540"]
[BlackElo "2520"]

1.Nf3 d5 2.d4 Bg4 3.Ne5 Bf5 4.c4 f6 5.Nf3 c6 6.Qb3 Qd7 7.Nc3 e6 8.e3 Bg4
9.Be2 Bxf3 10.Bxf3 f5 11.Bh5+ g6 12.Be2 Nf6 13.f3 Bg7 14.Bd2 O-O 15.O-O Ne8
16.Rad1 Nd6 17.c5 Nf7 18.Kh1 Qc7 19.f4 b6 20.Na4 Nd7 21.Qc2 b5 22.Nc3 Nf6
23.b4 a5 24.bxa5 Rxa5 25.a4 b4 26.Na2 Rfa8 27.Nxb4 Rxa4 28.Rb1 Ne4 29.Rb3 g5
30.g3 Kh8 31.Rfb1 gxf4 32.gxf4 Nh6 33.Be1 Bf6 34.Bf3 Rg8 35.Qe2 Qg7 36.Qg2 Qe7
37.Qe2 Raa8 38.Nd3 Qg7 39.Qg2 Qxg2+ 40.Bxg2 Ra2 41.R3b2 Ra3 42.Rb3 Ra2 43.R3b2 Ra3
44.Rd1 Ng4 45.Re2 Rb8 46.h3 Nh6 47.Nb4 Ng3+ 48.Bxg3 Rxb4 49.Bf2 Nf7 50.Rdd2 Kg7
51.Rb2 Rxb2 52.Rxb2 Nd8 53.Bf1 Kf8 54.Kg2 Ke7 55.Be2 Kd7 56.Bh5 Ra5 57.Rb1 Ra3
58.Kf1 Ra2 59.Bd1 Kc7 60.Bb3 Ra3 61.Be1 Nb7 62.Bb4 Ra8 63.Ke2 Rg8 64.Be1 Rg2+
65.Kf3 Rh2 66.Kg3 Re2 67.Kf3  1/2-1/2

[Event "Moscow-A"]
[Site "Moscow"]
[Date "1987.??.??"]
[Round "?"]
[White "Gurevich, Mikhail"]
[Black "Geller, Efim P"]
[Result "1-0"]
[WhiteElo "2540"]
[BlackElo "2500"]

1.c4 e6 2.Nc3 d5 3.d4 Be7 4.cxd5 exd5 5.Bf4 c6 6.Qc2 g6 7.e3 Bf5 8.Qd2 Nf6
9.f3 h5 10.Bd3 Bxd3 11.Qxd3 Nbd7 12.Nge2 O-O 13.e4 dxe4 14.fxe4 Nc5 15.Qf3 Ne6
16.O-O-O Nxf4 17.Nxf4 Nh7 18.Kb1 Bb4 19.Nce2 Qe7 20.h4 Rae8 21.e5 Qd7 22.Ka1 Ba5
23.Qb3 Bb6 24.Nxg6  1-0

[Event "Rilton Cup"]
[Site "Stockholm"]
[Date "1987.??.??"]
[Round "?"]
[White "Welin, Thomas"]
[Black "Gurevich, Mikhail"]
[Result "0-1"]
[WhiteElo "2415"]
[BlackElo "2515"]

1.c4 Nf6 2.Nc3 c5 3.g3 d5 4.cxd5 Nxd5 5.Bg2 Nc7 6.d3 e5 7.Nh3 Be7 8.f4 exf4
9.Nxf4 O-O 10.O-O Nc6 11.Kh1 Bd7 12.Bd2 b6 13.Rb1 Rc8 14.a3 Nd4 15.e3 Nde6
16.b4 Nxf4 17.gxf4 Bf5 18.e4 Bd7 19.b5 f5 20.a4 Be6 21.Qe2 Qd7 22.Rfd1 Bf6
23.e5 Bh4 24.Be3 Nd5 25.Nxd5 Bxd5 26.d4 c4 27.Bxd5+ Qxd5+ 28.Qg2 Rfd8 29.Qxd5+ Rxd5
30.Rdc1 Be7 31.Rc3 Kf7 32.Rbc1 Ke6 33.Kg2 Rd7 34.Rxc4 Rxc4 35.Rxc4 Kd5 36.Rc8 Ke4
37.Kf2 g5 38.fxg5 f4 39.Bc1 Rxd4 40.e6 Kf5 41.Re8 Bc5 42.Kf3 Rd3+ 43.Ke2 Rh3
44.e7 f3+ 45.Kd1 Ke6 46.g6 hxg6 47.Bg5 Rxh2 48.Rf8 Bxe7 49.Bxe7 Kxe7 50.Rxf3 Ra2
51.Rf4 g5 52.Rc4 Kf6 53.Ke1 Kg6 54.Kf1 Kh5 55.Kg1 g4 56.Rd4 Kh4 57.Rd7 Rxa4  0-1

[Event "Rilton Cup"]
[Site "Stockholm"]
[Date "1987.??.??"]
[Round "?"]
[White "Gurevich, Mikhail"]
[Black "Bjork, Carl Magnus"]
[Result "1-0"]
[WhiteElo "2515"]
[BlackElo "2345"]

1.c4 e6 2.d4 d5 3.Nc3 c6 4.Nf3 dxc4 5.e3 b5 6.a4 Bb4 7.Bd2 a5 8.axb5 Bxc3
9.bxc3 cxb5 10.Qb1 Ba6 11.Be2 Nc6 12.O-O Nf6 13.e4 h6 14.Bd1 g5 15.Bc1 Qb6
16.d5 exd5 17.Be3 Qc7 18.exd5 Nxd5 19.Qe4+ Nce7 20.Bd4 f5 21.Qe5 Qxe5 22.Nxe5 O-O
23.Rxa5 b4 24.Bf3 Bb7 25.Rb5 g4 26.Bxd5+ Bxd5 27.Bc5 Rfb8 28.Rxb8+ Rxb8 29.Bxe7 Re8
30.Nd7 b3 31.Nf6+ Kf7 32.Nxe8 Kxe7 33.Re1+  1-0

[Event "Rilton Cup"]
[Site "Stockholm"]
[Date "1987.??.??"]
[Round "?"]
[White "Carlhammar, Magnus"]
[Black "Gurevich, Mikhail"]
[Result "0-1"]
[WhiteElo "2335"]
[BlackElo "2515"]

1.d4 Nf6 2.c4 e6 3.g3 d5 4.Nf3 Bb4+ 5.Bd2 Be7 6.Bg2 O-O 7.O-O c6 8.Qc2 b6
9.Ne5 Bb7 10.cxd5 cxd5 11.Rc1 Ne8 12.e4 Bd6 13.exd5 Bxd5 14.Bxd5 exd5 15.Nc3 Nc7
16.Be3 Re8 17.Rd1 Nd7 18.Qb3 Nf6 19.Bg5 Bxe5 20.dxe5 Rxe5 21.Bf4 Qe7 22.Bxe5 Qxe5
23.Nb5 Ne6 24.Qc3 Qh5 25.Nd4 Ng5 26.h4 Nh3+ 27.Kg2 Ne4 28.Qf3 Qxf3+ 29.Nxf3 Nhxf2
30.Rxd5 Rc8 31.Rf1 Ng4 32.Ne1 Ne3+ 33.Kf3 Nxd5 34.Kxe4 Nf6+ 35.Kd3 Rd8+ 36.Ke2 Re8+
37.Kf3 Ne4 38.Kf4 Nd2 39.Rf2 Re4+ 40.Kf5 g6+ 41.Kg5 Kg7  0-1

[Event "Tbilisi"]
[Site "Tbilisi"]
[Date "1987.??.??"]
[Round "?"]
[White "Gurevich, Mikhail"]
[Black "Kallai, Gabor"]
[Result "1/2-1/2"]
[WhiteElo "2540"]
[BlackElo "2420"]

1.c4 e5 2.Nc3 Nf6 3.Nf3 Nc6 4.g3 Bb4 5.Bg2 O-O 6.O-O e4 7.Ne1 Bxc3 8.dxc3 h6
9.Nc2 Re8 10.Ne3 b6 11.Qc2 Bb7 12.h3 d6 13.Bd2 Ne5 14.f4 exf3 15.exf3 Qd7
16.Rac1  1/2-1/2

[Event "Tbilisi"]
[Site "Tbilisi"]
[Date "1987.??.??"]
[Round "?"]
[White "Gurevich, Mikhail"]
[Black "Shabanov, Yuri"]
[Result "1/2-1/2"]
[WhiteElo "2540"]
[BlackElo "2410"]

1.d4 d5 2.c4 c6 3.e3 Nf6 4.Bd3 Bg4 5.Ne2 e6 6.h3 Bh5 7.Qb3 Qb6 8.Nf4 Bg6
9.Nxg6 hxg6 10.Nd2 Nbd7 11.Nf3 c5 12.O-O cxd4 13.exd4 dxc4 14.Qxc4 Be7 15.Bd2 O-O
16.Rfc1 Nd5 17.a3 a6 18.Rc2 Bd6 19.Rac1 Bf4 20.g3 Bxd2 21.Nxd2 Rfd8 22.Be4 N7f6
23.Bg2 Rab8 24.b4 Qd6 25.Qd3 Ne7 26.Nb3 Nf5 27.Qe4 Nd5 28.Qe2 a5 29.bxa5 Qxa3
30.Qf3  1/2-1/2

[Event "Tbilisi"]
[Site "Tbilisi"]
[Date "1987.??.??"]
[Round "?"]
[White "Rantanen, Yrjo A"]
[Black "Gurevich, Mikhail"]
[Result "1/2-1/2"]
[WhiteElo "2385"]
[BlackElo "2540"]

1.e4 d6 2.d4 Nf6 3.Nc3 g6 4.Nf3 Bg7 5.Be2 O-O 6.O-O Bg4 7.Be3 Nc6 8.Qd2 e5
9.dxe5 dxe5 10.Rad1 Qc8 11.Qc1 Rd8 12.Rxd8+ Qxd8 13.Rd1 Qf8 14.h3 Bxf3 15.Bxf3 Rd8
16.Rxd8  1/2-1/2

[Event "Akureyri"]
[Site "Akureyri"]
[Date "1988.??.??"]
[Round "?"]
[White "Gurevich, Mikhail"]
[Black "Vidarsson, Jon G"]
[Result "1-0"]
[WhiteElo "2625"]
[BlackElo "2305"]

1.d4 Nf6 2.c4 e6 3.Nf3 d5 4.Nc3 dxc4 5.e4 Bb4 6.Bg5 c5 7.Bxc4 cxd4 8.Nxd4 Bxc3+
9.bxc3 Qa5 10.Bb5+ Bd7 11.Bxf6 gxf6 12.Qb3 O-O 13.O-O Bxb5 14.Nxb5 Nc6 15.c4 Rfd8
16.c5 Rd2 17.Nd6 Qxc5 18.Nxf7 Qe7 19.Qe3 Rd7 20.Nh6+ Kh8 21.Rad1 Rad8 22.Rxd7 Rxd7
23.h3 Rd8 24.Ng4 Qg7 25.Qc5 Qf8 26.Qh5 Qg7 27.f4 Rf8 28.Rd1 Qg6 29.Qc5 Qf7
30.Rd7 Qe8 31.Rxb7 e5 32.Qd6 Nd4  1-0

[Event "Akureyri"]
[Site "Akureyri"]
[Date "1988.??.??"]
[Round "?"]
[White "Gurevich, Mikhail"]
[Black "Hjartarson, Johann"]
[Result "1/2-1/2"]
[WhiteElo "2625"]
[BlackElo "2590"]

1.d4 Nf6 2.c4 e6 3.Nc3 Bb4 4.e3 O-O 5.Bd3 d5 6.cxd5 exd5 7.Ne2 Re8 8.O-O Bd6
9.f3 c5 10.a3 Nc6 11.Rf2 a6 12.Bc2 b5 13.g4 b4 14.axb4 Nxb4 15.Ba4 Bd7 16.g5 Bxa4
17.Nxa4 Nd7 18.Rg2 Rc8 19.h4 Qe7 20.Bd2 Nd3 21.Qf1 Qe6 22.f4 g6 23.Ng3 c4
24.Nc3 Nb4 25.f5 Qe7 26.Qf3 Nb6 27.h5 Bc7 28.Rf1 Rcd8 29.Qg4 Nc2 30.Rf3 Bxg3
31.Rgxg3 Rd6 32.Rh3 Qd7 33.Qh4 gxf5 34.Qf2 Rde6 35.Rxf5 Rxe3 36.Bxe3 Rxe3
37.Rxe3 Nxe3 38.Qxe3 Qxf5 39.Qe8+ Kg7 40.Qd8 Nd7 41.Ne2 Qf3 42.Qxd7 Qxe2  1/2-1/2

[Event "Akureyri"]
[Site "Akureyri"]
[Date "1988.??.??"]
[Round "?"]
[White "Thorsteins, Karl"]
[Black "Gurevich, Mikhail"]
[Result "1-0"]
[WhiteElo "2440"]
[BlackElo "2625"]

1.d4 Nf6 2.c4 e6 3.Nc3 Bb4 4.Qc2 c5 5.dxc5 Bxc5 6.Nf3 Qb6 7.e3 Qc7 8.b3 a6
9.Bb2 b6 10.Be2 Bb7 11.O-O Be7 12.Rfd1 d6 13.Rd2 Nbd7 14.Ng5 Rc8 15.Rad1 d5
16.cxd5 Nxd5 17.Nge4 N7f6 18.Nxd5 Qxc2 19.Ndxf6+ gxf6 20.Nxf6+ Bxf6 21.Rxc2 Rxc2
22.Bxf6 O-O 23.Bf1 Re8 24.a4 e5 25.Bc4 Bc6 26.Bxa6 Re6 27.Bh4 Kg7 28.Bc4 Re8
29.h3 Rxc4 30.bxc4 Bxa4 31.Rb1 Re6 32.Bd8 Rc6 33.Rb4 Bc2 34.Bxb6 f5 35.c5 Be4
36.Ra4 h6 37.Ra7+ Kf6 38.f3 Bd5 39.Kf2 Rc8 40.Rd7 Be6 41.Rd6 Ke7 42.Ba5 Ra8
43.Bc3 Ra2+ 44.Kg3 f4+ 45.exf4 exf4+ 46.Kh2 Rc2 47.Bb4 Rc4 48.Rb6 Bd5 49.Ba3 Rc3
50.Bb2 Rc2 51.Kg1 h5 52.Bf6+ Ke8 53.Rb4 Rxc5 54.Rxf4 Be6 55.Rb4 Kf7 56.Bd4 Rc4
57.Rb7+ Kg6 58.Rg7+ Kf5 59.Be3 Kf6 60.Ra7 Bf5 61.Ra6+ Kf7 62.Rd6 Ra4 63.Rd5 Ke6
64.Rb5 Kf6 65.Kh2 Rc4 66.Bb6 Kg6 67.Bd8 Rc2 68.Rd5 Ra2 69.Kg3 Ra4 70.Rd6+ Kg7
71.Rb6 Rc4 72.Be7 Bc8 73.Ba3 Bf5 74.Bb2+ Kh7 75.Rd6 Rc2 76.Be5 Bc8 77.Rb6 Rc4
78.Rf6 Rc2 79.Rf7+ Kh6 80.Rf8 Kh7 81.Kh4 Be6 82.Kxh5 Bg8 83.g4  1-0

[Event "Akureyri"]
[Site "Akureyri"]
[Date "1988.??.??"]
[Round "?"]
[White "Polugaevsky, Lev"]
[Black "Gurevich, Mikhail"]
[Result "1/2-1/2"]
[WhiteElo "2575"]
[BlackElo "2625"]

1.d4 Nf6 2.c4 e6 3.Nf3 b6 4.g3 Ba6 5.b3 Bb4+ 6.Bd2 Be7 7.Bg2 c6 8.Bc3 d5
9.Nbd2 Nbd7 10.O-O O-O 11.Re1 Bb7 12.e4 dxe4 13.Nxe4 c5 14.Nfg5 cxd4 15.Bxd4 Qc7
16.Nxf6+ Bxf6 17.Bxb7 Qxb7 18.Ne4  1/2-1/2

[Event "Akureyri"]
[Site "Akureyri"]
[Date "1988.??.??"]
[Round "?"]
[White "Gurevich, Mikhail"]
[Black "Arnason, Jon L"]
[Result "1-0"]
[WhiteElo "2625"]
[BlackElo "2510"]

1.d4 Nf6 2.c4 e6 3.Nc3 Bb4 4.e3 O-O 5.Ne2 d5 6.cxd5 exd5 7.g3 Re8 8.Bg2 c6
9.O-O Nbd7 10.a3 Bf8 11.b4 a6 12.Rb1 b5 13.f3 Nb6 14.e4 Be6 15.e5 Nfd7 16.Nf4 Bf5
17.Rb3 h6 18.Bh3 Bxh3 19.Nxh3 Qc8 20.g4 Nc4 21.f4 f6 22.Kh1 Ndb6 23.Rg1 a5
24.exf6 axb4 25.axb4 Ne3 26.Qf3 Nbc4 27.f5 Ra1 28.fxg7 Bxg7 29.f6 Rxc1 30.f7+ Kh7
31.Rxc1 Rf8 32.Ne2 Qe6 33.Nef4 Qe4 34.Qxe4+ dxe4 35.g5 hxg5 36.Nxg5+ Kh6
37.Rg1 Nf5 38.Nge6 Rxf7 39.Rg6+ Kh7 40.Ng5+ Kg8 41.Nxf7 Kxf7 42.Rxc6 Nxd4
43.Rc7+ Kf6 44.Nh5+ Ke5 45.Rxg7 Nxb3 46.Rg5+ Kd4 47.Rxb5 e3 48.Ng3 Nc1 49.Kg2 Kc3
50.h4 e2 51.Kf2 Kd2 52.Nxe2 Nd3+ 53.Kf3 Ne1+ 54.Kg3 Kxe2 55.h5 Nd3 56.h6 Nd6
57.h7  1-0